[Event "13e open internationnal de Sautron"]
[Site "Sautron"]
[Date "2013.10.31"]
[Round "7.5"]
[White "Riff, Jean-Noel"]
[Black "Ginovart, Axel"]
[Result "1-0"]
[LiveChessVersion "1.4.2"]
[BlackElo "1881"]
[WhiteElo "2445"]

1. e4 {[%clk 1:30:58]} c5 {[%clk 1:30:49]} 2. Nf3 {[%clk 1:31:22]} e6
{[%clk 1:31:14]} 3. Nc3 {[%clk 1:31:42]} Nc6 {[%clk 1:31:20]} 4. Bb5
{[%clk 1:32:02]} Be7 {[%clk 1:25:31]} 5. O-O {[%clk 1:31:59]} Qc7
{[%clk 1:22:22]} 6. Re1 {[%clk 1:32:16]} d6 {[%clk 1:22:12]} 7. Bxc6+
{[%clk 1:32:18]} Qxc6 {[%clk 1:16:18]} 8. d4 {[%clk 1:32:43]} Qb6
{[%clk 0:50:33]} 9. dxc5 {[%clk 1:29:53]} dxc5 {[%clk 0:43:46]} 10. Nd2
{[%clk 1:29:41]} Nf6 {[%clk 0:38:37]} 11. e5 {[%clk 1:30:05]} Nd7
{[%clk 0:36:45]} 12. Qg4 {[%clk 1:26:17]} O-O {[%clk 0:31:11]} 13. Nc4
{[%clk 1:26:25]} Qc6 14. Bh6 {[%clk 1:26:46]} g6 {[%clk 0:30:41]} 15. Bxf8
{[%clk 1:26:59]} Bxf8 {[%clk 0:31:05]} 16. Qe4 {[%clk 1:25:43]} Qxe4
{[%clk 0:30:39]} 17. Nxe4 {[%clk 1:26:05]} b5 {[%clk 0:27:10]} 18. Ncd6
{[%clk 1:26:31]} Ba6 {[%clk 0:23:34]} 19. Rad1 {[%clk 1:26:54]} Kg7
{[%clk 0:21:45]} 20. Nxf7 {[%clk 1:27:12]} Nb6 {[%clk 0:21:11]} 21. Nd8
{[%clk 1:27:24]} 1-0

[Event "13e open internationnal de Sautron"]
[Site "Sautron"]
[Date "2013.10.31"]
[Round "7.6"]
[White "Gallant, Aurelien"]
[Black "Burmakin, Vladimir"]
[Result "0-1"]
[LiveChessVersion "1.4.2"]
[BlackElo "2581"]
[WhiteElo "2124"]

1. e4 {[%clk 1:30:53]} c6 {[%clk 1:30:56]} 2. d4 {[%clk 1:31:18]} d5
{[%clk 1:31:22]} 3. e5 {[%clk 1:31:45]} Bf5 {[%clk 1:31:45]} 4. h4
{[%clk 1:32:09]} h5 {[%clk 1:32:08]} 5. Bg5 {[%clk 1:31:33]} Qb6 {[%clk 1:32:19]}
6. Bd3 {[%clk 1:30:44]} Qxd4 {[%clk 1:32:35]} 7. Nf3 {[%clk 1:19:03]} Qg4
{[%clk 1:32:56]} 8. O-O {[%clk 1:05:25]} Bxd3 {[%clk 1:32:37]} 9. Qxd3
{[%clk 1:05:45]} e6 {[%clk 1:32:47]} 10. Nbd2 {[%clk 1:04:19]} Qa4
{[%clk 1:17:29]} 11. c4 {[%clk 0:55:40]} Ne7 {[%clk 1:15:53]} 12. Nd4
{[%clk 0:53:32]} Na6 {[%clk 1:14:02]} 13. cxd5 {[%clk 0:46:59]} Nc5
{[%clk 1:13:08]} 14. Qc4 {[%clk 0:38:31]} Qxc4 {[%clk 1:06:23]} 15. Nxc4
{[%clk 0:38:56]} Nxd5 {[%clk 1:06:50]} 16. Rfd1 {[%clk 0:32:29]} Ne4
{[%clk 1:03:47]} 17. Na5 {[%clk 0:30:42]} Rb8 {[%clk 0:42:34]} 18. Rac1
{[%clk 0:28:37]} Nxg5 {[%clk 0:33:38]} 19. hxg5 {[%clk 0:28:49]} g6
{[%clk 0:34:02]} 20. g3 {[%clk 0:20:02]} Be7 {[%clk 0:26:11]} 21. Nf3
{[%clk 0:20:23]} Kd7 {[%clk 0:25:00]} 22. Nb3 {[%clk 0:17:02]} Rhd8
{[%clk 0:24:44]} 23. Nbd2 {[%clk 0:16:13]} Kc7 {[%clk 0:23:36]} 24. Ne4
{[%clk 0:15:20]} Nb4 {[%clk 0:23:18]} 25. Nd4 {[%clk 0:10:32]} Nxa2
{[%clk 0:21:07]} 26. Rc4 {[%clk 0:10:37]} Rd5 {[%clk 0:15:00]} 27. Nd6
{[%clk 0:09:21]} a5 {[%clk 0:10:11]} 28. Nxf7 {[%clk 0:08:51]} Kd7
{[%clk 0:10:36]} 29. Re1 {[%clk 0:07:30]} Rf8 {[%clk 0:05:03]} 30. Nd6
{[%clk 0:07:46]} b5 {[%clk 0:05:19]} 31. Rxc6 {[%clk 0:06:10]} Rxd4
{[%clk 0:05:46]} 32. Nxb5 {[%clk 0:06:17]} Rd2 0-1

[Event "13e open internationnal de Sautron"]
[Site "Sautron"]
[Date "2013.10.31"]
[Round "7.7"]
[White "Le Roux, Jean-Pierre"]
[Black "Hutois, Mickael"]
[Result "1-0"]
[LiveChessVersion "1.4.2"]
[BlackElo "2126"]
[WhiteElo "2571"]

1. Nf3 {[%clk 1:30:26]} Nf6 {[%clk 1:30:45]} 2. c4 {[%clk 1:30:28]} e6
{[%clk 1:30:20]} 3. g3 {[%clk 1:28:14]} d5 {[%clk 1:28:14]} 4. Bg2
{[%clk 1:28:29]} Be7 {[%clk 1:26:55]} 5. O-O {[%clk 1:27:28]} O-O
{[%clk 1:25:19]} 6. d4 {[%clk 1:27:05]} dxc4 {[%clk 1:21:00]} 7. Qa4
{[%clk 1:26:57]} a6 {[%clk 1:19:21]} 8. Qxc4 {[%clk 1:27:21]} b5 {[%clk 1:19:32]}
9. Qc2 {[%clk 1:27:22]} Bb7 {[%clk 1:19:35]} 10. Bf4 {[%clk 1:27:41]} Nc6
{[%clk 1:14:39]} 11. Rd1 {[%clk 1:27:24]} Nb4 {[%clk 1:11:26]} 12. Qc1
{[%clk 1:27:29]} Rc8 {[%clk 1:10:04]} 13. Nc3 {[%clk 1:17:59]} Nbd5
{[%clk 1:05:18]} 14. Nxd5 {[%clk 0:58:33]} Bxd5 {[%clk 0:57:30]} 15. Be5
{[%clk 0:57:25]} c5 {[%clk 0:51:39]} 16. dxc5 {[%clk 0:55:58]} Bxc5
{[%clk 0:48:53]} 17. Qf4 {[%clk 0:53:45]} Qe7 {[%clk 0:32:21]} 18. Bxf6
{[%clk 0:27:55]} Qxf6 {[%clk 0:32:28]} 19. Qxf6 {[%clk 0:28:18]} gxf6
{[%clk 0:32:49]} 20. Ne1 {[%clk 0:26:13]} Bc4 {[%clk 0:29:27]} 21. Bf3
{[%clk 0:25:17]} b4 {[%clk 0:29:38]} 22. Kf1 {[%clk 0:19:28]} f5 {[%clk 0:25:15]}
23. Nd3 {[%clk 0:13:44]} Be7 {[%clk 0:23:54]} 24. b3 {[%clk 0:04:35]} Bb5
{[%clk 0:24:19]} 25. Rac1 {[%clk 0:04:00]} Rc3 {[%clk 0:22:50]} 26. Rxc3
{[%clk 0:02:41]} bxc3 {[%clk 0:23:16]} 27. Ne1 {[%clk 0:02:57]} Bg5
{[%clk 0:20:34]} 28. a4 {[%clk 0:02:31]} Be8 {[%clk 0:20:08]} 29. e3
{[%clk 0:01:56]} Be7 {[%clk 0:19:38]} 30. Nc2 {[%clk 0:01:46]} a5
{[%clk 0:13:16]} 31. Ke2 {[%clk 0:02:06]} f6 {[%clk 0:12:00]} 32. Rd4
{[%clk 0:01:35]} Bf7 {[%clk 0:10:35]} 33. Rd7 {[%clk 0:00:51]} Bc5
{[%clk 0:03:18]} 34. Kd3 {[%clk 0:01:15]} Rc8 {[%clk 0:02:51]} 35. Bb7
{[%clk 0:01:04]} Rb8 {[%clk 0:03:17]} 36. Kxc3 {[%clk 0:01:03]} Be8
{[%clk 0:01:04]} 37. Rc7 {[%clk 0:01:26]} Bd6 {[%clk 0:01:30]} 38. Rc8
{[%clk 0:01:43]} Be5+ {[%clk 0:01:28]} 39. Kc4 {[%clk 0:01:02]} Rxb7
{[%clk 0:01:29]} 40. Rxe8+ {[%clk 0:31:28]} Kf7 {[%clk 0:31:56]} 41. Rc8
{[%clk 0:31:40]} Ke7 {[%clk 0:31:23]} 42. f4 {[%clk 0:26:18]} Bb2
{[%clk 0:29:49]} 43. b4 {[%clk 0:22:41]} axb4 {[%clk 0:24:29]} 44. Nxb4
{[%clk 0:22:49]} Bc1 {[%clk 0:21:59]} 45. Nc2 {[%clk 0:22:37]} Kd7
{[%clk 0:19:23]} 46. Rh8 {[%clk 0:19:50]} Rc7+ {[%clk 0:18:06]} 47. Kd3
{[%clk 0:19:59]} Kd6 {[%clk 0:18:21]} 48. Nd4 {[%clk 0:17:08]} Rd7
{[%clk 0:16:47]} 49. Re8 {[%clk 0:16:16]} Kd5 50. Ke4+ 1-0

[Event "13e open internationnal de Sautron"]
[Site "Sautron"]
[Date "2013.10.31"]
[Round "7.10"]
[White "Haub, Thorsten Michael"]
[Black "Bourgois, Bastien"]
[Result "1-0"]
[LiveChessVersion "1.4.2"]
[BlackElo "2026"]
[WhiteElo "2455"]

1. Nf3 {[%clk 1:30:58]} Nf6 {[%clk 1:30:15]} 2. g3 {[%clk 1:31:23]} g6
{[%clk 1:29:17]} 3. d3 {[%clk 1:31:30]} d5 {[%clk 1:29:19]} 4. Nbd2
{[%clk 1:31:48]} c5 {[%clk 1:27:09]} 5. Bg2 {[%clk 1:32:06]} Bg7 {[%clk 1:27:06]}
6. e4 {[%clk 1:32:18]} Nc6 {[%clk 1:18:26]} 7. O-O {[%clk 1:32:30]} O-O
{[%clk 1:18:27]} 8. c3 {[%clk 1:32:41]} h6 {[%clk 1:17:19]} 9. Re1
{[%clk 1:30:54]} dxe4 {[%clk 1:06:49]} 10. dxe4 {[%clk 1:31:09]} Be6
{[%clk 1:07:02]} 11. Qe2 {[%clk 1:25:55]} Qc8 {[%clk 1:05:19]} 12. Nh4
{[%clk 1:19:08]} Rd8 {[%clk 0:47:13]} 13. f4 {[%clk 1:11:17]} Bg4
{[%clk 0:46:40]} 14. Qf1 {[%clk 1:11:13]} Qc7 {[%clk 0:33:35]} 15. e5
{[%clk 1:08:27]} Nd5 {[%clk 0:30:07]} 16. Ne4 {[%clk 1:00:45]} c4
{[%clk 0:21:40]} 17. Qxc4 {[%clk 0:56:49]} Be6 {[%clk 0:20:25]} 18. Qe2
{[%clk 0:56:19]} Nb6 {[%clk 0:19:31]} 19. Qf2 {[%clk 0:49:33]} Bd5
{[%clk 0:17:26]} 20. b3 {[%clk 0:47:22]} a5 {[%clk 0:14:52]} 21. Be3
{[%clk 0:47:25]} Nd7 {[%clk 0:14:28]} 22. Rad1 {[%clk 0:44:56]} Bxe4
{[%clk 0:13:40]} 23. Bxe4 {[%clk 0:45:12]} e6 {[%clk 0:13:59]} 24. Nf3
{[%clk 0:43:44]} a4 {[%clk 0:13:08]} 25. b4 {[%clk 0:43:58]} Ne7 {[%clk 0:11:46]}
26. Bd4 {[%clk 0:42:09]} Rac8 {[%clk 0:09:27]} 27. Rc1 {[%clk 0:41:37]} b5
{[%clk 0:09:30]} 28. Bd3 {[%clk 0:40:54]} Nf5 {[%clk 0:08:41]} 29. Bxb5
{[%clk 0:40:04]} 1-0

[Event "13e open internationnal de Sautron"]
[Site "Sautron"]
[Date "2013.11.01"]
[Round "8.1"]
[White "Roiz, Michael"]
[Black "Avrukh, Boris"]
[Result "1/2-1/2"]
[LiveChessVersion "1.4.2"]
[BlackElo "2576"]
[WhiteElo "2614"]

1. d4 {[%clk 1:30:57]} Nf6 {[%clk 1:30:42]} 2. c4 {[%clk 1:31:13]} g6
{[%clk 1:30:41]} 3. g3 {[%clk 1:30:51]} c6 {[%clk 1:29:41]} 4. Bg2
{[%clk 1:28:08]} d5 {[%clk 1:29:16]} 5. Nf3 {[%clk 1:28:21]} Bg7 {[%clk 1:29:35]}
6. cxd5 {[%clk 1:27:31]} cxd5 {[%clk 1:29:52]} 7. O-O {[%clk 1:26:05]} O-O
{[%clk 1:19:40]} 8. Ne5 {[%clk 1:22:41]} Ng4 {[%clk 1:17:28]} 9. Nf3
{[%clk 1:18:20]} Nf6 {[%clk 1:17:11]} 10. Nc3 {[%clk 1:18:33]} e6
{[%clk 1:14:58]} 11. Ne5 {[%clk 1:16:39]} Nfd7 {[%clk 1:14:02]} 12. Nf3
{[%clk 1:15:06]} Nf6 {[%clk 1:12:50]} 13. Ne5 {[%clk 1:14:15]} Nfd7
{[%clk 1:12:44]} 14. f4 {[%clk 1:14:33]} Nc6 {[%clk 1:12:32]} 15. Be3
{[%clk 1:11:16]} f6 {[%clk 1:06:00]} 16. Nf3 {[%clk 1:09:06]} Nb6
{[%clk 1:05:10]} 17. b3 {[%clk 1:07:09]} Bd7 {[%clk 1:01:43]} 18. Bf2
{[%clk 1:05:29]} f5 {[%clk 1:00:22]} 19. Rc1 {[%clk 1:03:11]} Qe7
{[%clk 0:50:28]} 20. e3 {[%clk 1:01:37]} Nc8 {[%clk 0:48:37]} 21. h3
{[%clk 1:00:28]} Nd6 {[%clk 0:48:19]} 22. g4 {[%clk 0:57:41]} Rfc8
{[%clk 0:39:26]} 23. Kh1 {[%clk 0:57:03]} Be8 {[%clk 0:38:14]} 24. Bh4
{[%clk 0:56:54]} Bf6 {[%clk 0:37:26]} 25. Bxf6 {[%clk 0:56:48]} Qxf6
{[%clk 0:37:50]} 26. Ne5 {[%clk 0:55:18]} Rc7 {[%clk 0:34:27]} 27. Qd2
{[%clk 0:51:59]} Rac8 {[%clk 0:32:04]} 1/2-1/2

[Event "13e open internationnal de Sautron"]
[Site "Sautron"]
[Date "2013.11.01"]
[Round "8.2"]
[White "Koziak, Vitali"]
[Black "Riff, Jean-Noel"]
[Result "0-1"]
[LiveChessVersion "1.4.2"]
[BlackElo "2445"]
[WhiteElo "2481"]

1. Nf3 {[%clk 1:30:56]} c5 {[%clk 1:26:14]} 2. c4 {[%clk 1:30:31]} Nc6
{[%clk 1:26:39]} 3. d4 {[%clk 1:30:40]} cxd4 {[%clk 1:26:58]} 4. Nxd4
{[%clk 1:31:06]} Nf6 {[%clk 1:27:22]} 5. g3 {[%clk 1:29:09]} e5 {[%clk 1:27:45]}
6. Nb5 {[%clk 1:28:40]} Bb4+ {[%clk 1:28:13]} 7. N1c3 {[%clk 1:22:21]} d6
{[%clk 1:28:26]} 8. Bg2 {[%clk 0:57:34]} a6 {[%clk 1:28:28]} 9. Na3
{[%clk 0:57:44]} Bxc3+ {[%clk 1:28:48]} 10. bxc3 {[%clk 0:58:09]} O-O
{[%clk 1:27:25]} 11. O-O {[%clk 0:52:05]} Qc7 {[%clk 1:15:15]} 12. Bg5
{[%clk 0:47:34]} Nd7 {[%clk 1:14:33]} 13. Qd2 {[%clk 0:43:29]} h6
{[%clk 1:11:52]} 14. Be3 {[%clk 0:39:29]} Ne7 {[%clk 1:11:22]} 15. Nc2
{[%clk 0:23:16]} Nf5 {[%clk 1:07:32]} 16. Nb4 {[%clk 0:22:32]} Nf6
{[%clk 1:07:26]} 17. Nd5 {[%clk 0:17:22]} Nxd5 {[%clk 1:07:40]} 18. Bxd5
{[%clk 0:15:24]} Be6 {[%clk 1:04:47]} 19. Rab1 {[%clk 0:12:25]} Nxe3
{[%clk 1:01:22]} 20. Qxe3 {[%clk 0:11:57]} Bxd5 {[%clk 1:01:35]} 21. cxd5
{[%clk 0:12:26]} b5 {[%clk 1:01:57]} 22. a4 {[%clk 0:10:40]} bxa4
{[%clk 0:59:52]} 23. Rb4 {[%clk 0:09:56]} Qa5 {[%clk 0:58:52]} 24. Ra1
{[%clk 0:09:10]} Qxd5 {[%clk 0:59:14]} 25. Rbxa4 {[%clk 0:08:50]} a5
{[%clk 0:59:19]} 26. c4 {[%clk 0:08:31]} Qc6 {[%clk 0:59:41]} 27. Rxa5
{[%clk 0:07:56]} Rxa5 {[%clk 1:00:07]} 28. Rxa5 {[%clk 0:08:22]} Qxc4
{[%clk 1:00:33]} 29. Qd3 {[%clk 0:05:00]} Qxd3 {[%clk 0:58:51]} 30. exd3
{[%clk 0:05:28]} Rd8 {[%clk 0:59:15]} 31. Kg2 {[%clk 0:04:50]} Kf8
{[%clk 0:59:41]} 32. d4 {[%clk 0:04:21]} exd4 {[%clk 0:58:40]} 33. Rd5
{[%clk 0:04:29]} Ke7 {[%clk 0:59:07]} 34. Rxd4 {[%clk 0:04:52]} Ke6
{[%clk 0:59:29]} 35. Re4+ {[%clk 0:05:16]} Kd7 {[%clk 0:59:11]} 36. h4
{[%clk 0:03:45]} Re8 {[%clk 0:59:37]} 37. Rg4 {[%clk 0:03:30]} g6
{[%clk 1:00:01]} 38. Rf4 {[%clk 0:03:45]} Ke7 {[%clk 0:59:24]} 39. Re4+
{[%clk 0:01:43]} Kf8 {[%clk 0:59:46]} 40. Ra4 {[%clk 0:30:47]} Kg7
{[%clk 1:23:34]} 41. Rd4 {[%clk 0:29:21]} Re6 {[%clk 1:23:49]} 42. Kf3
{[%clk 0:25:09]} Kf6 {[%clk 1:23:59]} 43. Rd5 {[%clk 0:24:46]} Ke7
{[%clk 1:24:06]} 44. Ra5 {[%clk 0:24:58]} Re5 {[%clk 1:24:28]} 45. Ra7+
{[%clk 0:24:17]} Ke6 {[%clk 1:24:17]} 46. Ra6 {[%clk 0:24:15]} h5
{[%clk 1:23:42]} 47. Kf4 {[%clk 0:23:55]} f6 {[%clk 1:23:19]} 48. Ra8
{[%clk 0:19:57]} g5+ {[%clk 1:23:17]} 49. hxg5 {[%clk 0:19:33]} fxg5+
{[%clk 1:23:39]} 50. Kf3 {[%clk 0:20:01]} d5 {[%clk 1:21:36]} 51. Ra6+
{[%clk 0:13:38]} Kf5 {[%clk 1:21:44]} 52. Ra4 {[%clk 0:09:50]} Re4
{[%clk 1:20:08]} 53. Ra8 {[%clk 0:08:39]} Ke5 {[%clk 1:20:32]} 54. Rh8
{[%clk 0:06:33]} Kd4 {[%clk 1:19:56]} 55. Rxh5 {[%clk 0:05:41]} g4+
{[%clk 1:20:23]} 56. Kg2 {[%clk 0:06:09]} Kc4 {[%clk 1:20:49]} 57. Rh8
{[%clk 0:03:14]} d4 {[%clk 1:20:27]} 58. Rc8+ {[%clk 0:03:30]} Kd3
{[%clk 1:19:35]} 59. Rd8 {[%clk 0:01:13]} Ke2 {[%clk 1:19:25]} 0-1

[Event "13e open internationnal de Sautron"]
[Site "Sautron"]
[Date "2013.11.01"]
[Round "8.3"]
[White "Burmakin, Vladimir"]
[Black "Haub, Thorsten Michael"]
[Result "1-0"]
[LiveChessVersion "1.4.2"]
[BlackElo "2455"]
[WhiteElo "2581"]

1. b3 {[%clk 1:30:57]} e5 {[%clk 1:30:48]} 2. Bb2 {[%clk 1:31:21]} d6
{[%clk 1:31:11]} 3. e3 {[%clk 1:31:40]} Nf6 {[%clk 1:30:55]} 4. c4
{[%clk 1:31:12]} c6 {[%clk 1:30:29]} 5. d4 {[%clk 1:31:04]} Nbd7 {[%clk 1:30:28]}
6. Nf3 {[%clk 1:30:21]} Qe7 {[%clk 1:26:06]} 7. Be2 {[%clk 1:29:05]} g6
{[%clk 1:18:45]} 8. c5 {[%clk 1:13:26]} exd4 {[%clk 1:10:34]} 9. cxd6
{[%clk 1:13:48]} Qxd6 {[%clk 1:10:59]} 10. exd4 {[%clk 1:14:12]} Nb6
{[%clk 1:01:05]} 11. O-O {[%clk 1:08:33]} Bf5 {[%clk 0:58:34]} 12. Re1
{[%clk 0:53:32]} O-O-O {[%clk 0:56:36]} 13. Nbd2 {[%clk 0:53:58]} Nbd5
{[%clk 0:52:51]} 14. Nc4 {[%clk 0:52:11]} Qc7 {[%clk 0:53:01]} 15. a3
{[%clk 0:52:31]} g5 {[%clk 0:45:26]} 16. b4 {[%clk 0:51:52]} Kb8 {[%clk 0:40:53]}
17. Nfe5 {[%clk 0:49:06]} Nf4 {[%clk 0:38:51]} 18. Rc1 {[%clk 0:47:13]} N6d5
{[%clk 0:36:23]} 19. Na5 {[%clk 0:29:02]} Rd6 {[%clk 0:34:05]} 20. Bg4
{[%clk 0:25:02]} Bxg4 {[%clk 0:32:30]} 21. Qxg4 {[%clk 0:25:30]} Bg7
{[%clk 0:31:01]} 22. g3 {[%clk 0:25:23]} f5 {[%clk 0:27:07]} 23. Qxf5
{[%clk 0:22:38]} Rf8 {[%clk 0:27:11]} 24. Nexc6+ {[%clk 0:22:47]} bxc6
{[%clk 0:22:44]} 25. Qxf8+ {[%clk 0:23:13]} Bxf8 {[%clk 0:22:23]} 26. Re8+
{[%clk 0:23:39]} Qc8 {[%clk 0:20:46]} 27. Rxc8+ {[%clk 0:23:48]} Kxc8
{[%clk 0:21:10]} 28. gxf4 {[%clk 0:24:04]} Kd7 {[%clk 0:19:41]} 29. fxg5
{[%clk 0:24:09]} Rg6 {[%clk 0:18:11]} 30. h4 {[%clk 0:23:41]} h6 {[%clk 0:18:14]}
31. Kf1 {[%clk 0:22:53]} hxg5 {[%clk 0:18:04]} 32. hxg5 {[%clk 0:23:20]} Be7
{[%clk 0:17:49]} 33. Nc4 {[%clk 0:22:11]} Bd6 {[%clk 0:17:59]} 34. Ne5+
{[%clk 0:21:10]} Bxe5 {[%clk 0:18:20]} 35. dxe5 {[%clk 0:21:19]} Rxg5
{[%clk 0:18:40]} 36. Rc4 {[%clk 0:20:48]} Rh5 {[%clk 0:18:34]} 37. Kg2
{[%clk 0:15:41]} Rg5+ {[%clk 0:18:35]} 38. Kf3 {[%clk 0:10:07]} Rg1
{[%clk 0:18:07]} 39. Rc1 {[%clk 0:10:06]} Rg8 {[%clk 0:18:18]} 40. Bd4
{[%clk 0:40:16]} Ra8 {[%clk 0:47:16]} 41. Ke4 {[%clk 0:38:36]} Rf8
{[%clk 0:46:53]} 42. e6+ {[%clk 0:37:27]} 1-0

[Event "13e open internationnal de Sautron"]
[Site "Sautron"]
[Date "2013.11.01"]
[Round "8.4"]
[White "Drasko, Milan"]
[Black "Le Roux, Jean-Pierre"]
[Result "0-1"]
[LiveChessVersion "1.4.2"]
[BlackElo "2571"]
[WhiteElo "2451"]

1. Nf3 {[%clk 1:30:55]} Nf6 {[%clk 1:29:42]} 2. g3 {[%clk 1:31:16]} b5
{[%clk 1:28:44]} 3. Bg2 {[%clk 1:30:37]} Bb7 {[%clk 1:29:09]} 4. b3
{[%clk 1:30:21]} d6 {[%clk 1:26:55]} 5. c4 {[%clk 1:26:15]} b4 {[%clk 1:26:42]}
6. a3 {[%clk 1:21:25]} a5 {[%clk 1:24:41]} 7. axb4 {[%clk 1:18:32]} axb4
{[%clk 1:24:51]} 8. Rxa8 {[%clk 1:18:56]} Bxa8 {[%clk 1:25:14]} 9. d4
{[%clk 1:16:57]} Nbd7 {[%clk 1:21:39]} 10. Bb2 {[%clk 1:08:02]} e6
{[%clk 1:13:12]} 11. O-O {[%clk 1:04:09]} Be7 {[%clk 1:13:03]} 12. Nbd2
{[%clk 1:02:29]} O-O {[%clk 1:03:01]} 13. Qc2 {[%clk 0:53:40]} c5
{[%clk 1:00:57]} 14. Ra1 {[%clk 0:48:57]} h6 {[%clk 0:52:23]} 15. dxc5
{[%clk 0:40:44]} Nxc5 {[%clk 0:48:52]} 16. Ne1 {[%clk 0:31:43]} Bxg2
{[%clk 0:45:42]} 17. Nxg2 {[%clk 0:24:18]} Nfd7 {[%clk 0:39:06]} 18. Nf4
{[%clk 0:21:21]} Bf6 {[%clk 0:35:21]} 19. Ra2 {[%clk 0:19:07]} Bxb2
{[%clk 0:28:31]} 20. Qxb2 {[%clk 0:19:31]} Ne5 {[%clk 0:28:35]} 21. Qd4
{[%clk 0:13:10]} Nc6 {[%clk 0:19:41]} 22. Qe3 {[%clk 0:13:05]} Qf6
{[%clk 0:18:03]} 23. Ne4 {[%clk 0:12:27]} Qf5 {[%clk 0:16:16]} 24. Nd2
{[%clk 0:10:47]} Ne5 {[%clk 0:14:15]} 25. f3 {[%clk 0:10:30]} Rd8
{[%clk 0:11:40]} 26. Kg2 {[%clk 0:07:53]} Nc6 {[%clk 0:09:41]} 27. Ne4
{[%clk 0:04:27]} Qe5 {[%clk 0:08:22]} 28. Nd3 {[%clk 0:04:22]} Nxd3
{[%clk 0:08:25]} 29. Qxd3 {[%clk 0:04:47]} f5 {[%clk 0:06:24]} 30. Nf2
{[%clk 0:05:07]} Qc5 {[%clk 0:05:49]} 31. Ra6 {[%clk 0:04:20]} d5
{[%clk 0:05:11]} 32. Qd2 {[%clk 0:03:16]} Nd4 {[%clk 0:02:30]} 33. cxd5
{[%clk 0:00:48]} Rxd5 {[%clk 0:02:30]} 34. Qf4 {[%clk 0:00:34]} e5
{[%clk 0:00:38]} 35. Ra8+ {[%clk 0:00:50]} Kh7 {[%clk 0:01:03]} 36. Qh4
{[%clk 0:01:12]} Qc6 {[%clk 0:00:58]} 37. Rf8 {[%clk 0:00:35]} Nc2
{[%clk 0:00:34]} 38. Ne4 {[%clk 0:00:36]} Qg6 {[%clk 0:00:37]} 39. Nf2
{[%clk 0:00:34]} Ne3+ {[%clk 0:00:50]} 40. Kh3 {[%clk 0:30:35]} Rd4
{[%clk 0:30:48]} 41. g4 {[%clk 0:22:56]} Qc6 {[%clk 0:25:35]} 0-1

[Event "13e open internationnal de Sautron"]
[Site "Sautron"]
[Date "2013.11.01"]
[Round "8.5"]
[White "Terrieux, Kevin"]
[Black "Lagarde, Maxime"]
[Result "1/2-1/2"]
[LiveChessVersion "1.4.2"]
[BlackElo "2523"]
[WhiteElo "2415"]

1. d4 {[%clk 1:30:57]} f5 {[%clk 1:24:36]} 2. g3 {[%clk 1:28:56]} Nf6
{[%clk 1:24:26]} 3. Bg2 {[%clk 1:29:13]} d6 {[%clk 1:20:50]} 4. Nf3
{[%clk 1:28:28]} g6 {[%clk 1:21:05]} 5. O-O {[%clk 1:28:16]} Bg7 {[%clk 1:21:31]}
6. c4 {[%clk 1:28:06]} O-O {[%clk 1:21:51]} 7. Nc3 {[%clk 1:28:12]} c6
{[%clk 1:22:12]} 8. d5 {[%clk 1:28:00]} e5 {[%clk 1:22:32]} 9. dxe6
{[%clk 1:27:59]} Bxe6 {[%clk 1:22:58]} 10. b3 {[%clk 1:26:56]} Ne4
{[%clk 1:23:17]} 11. Nxe4 {[%clk 1:26:58]} fxe4 {[%clk 1:23:39]} 12. Nd4
{[%clk 1:25:54]} Bf7 {[%clk 1:23:17]} 13. Bxe4 {[%clk 1:24:05]} d5
{[%clk 1:01:23]} 14. cxd5 {[%clk 1:12:53]} Re8 {[%clk 0:54:17]} 15. Bf3
{[%clk 1:07:24]} Bxd5 {[%clk 0:54:20]} 16. Rb1 {[%clk 0:54:35]} Na6
{[%clk 0:51:12]} 17. Bb2 {[%clk 0:47:23]} Nc5 {[%clk 0:47:45]} 18. e3
{[%clk 0:37:21]} Ne4 {[%clk 0:43:54]} 19. Bg2 {[%clk 0:34:56]} Qa5
{[%clk 0:38:34]} 20. a3 {[%clk 0:25:50]} Rad8 {[%clk 0:36:09]} 21. b4
{[%clk 0:24:40]} Qb6 {[%clk 0:29:38]} 22. Qc2 {[%clk 0:24:22]} a5
{[%clk 0:29:20]} 23. Nf3 {[%clk 0:24:06]} Bxb2 {[%clk 0:24:23]} 24. Rxb2
{[%clk 0:22:24]} axb4 {[%clk 0:24:00]} 25. axb4 {[%clk 0:20:46]} Nd6
{[%clk 0:22:17]} 26. Nd2 {[%clk 0:19:28]} Qb5 {[%clk 0:15:38]} 27. Bxd5+
{[%clk 0:18:55]} cxd5 {[%clk 0:15:50]} 28. Qc5 {[%clk 0:16:29]} Qd3
{[%clk 0:15:45]} 29. Qc2 {[%clk 0:16:53]} Qb5 {[%clk 0:15:34]} 30. Qb3
{[%clk 0:13:10]} Rc8 {[%clk 0:12:19]} 31. Rd1 {[%clk 0:12:41]} Red8
{[%clk 0:05:52]} 32. Ra2 {[%clk 0:11:23]} Nc4 {[%clk 0:05:25]} 33. Rc2
{[%clk 0:09:52]} Ne5 {[%clk 0:03:12]} 34. Rxc8 {[%clk 0:05:49]} Rxc8
{[%clk 0:03:41]} 35. e4 {[%clk 0:06:10]} Rd8 {[%clk 0:02:34]} 36. Nf3
{[%clk 0:01:24]} Nxf3+ {[%clk 0:01:29]} 37. Qxf3 {[%clk 0:01:52]} Qxb4
{[%clk 0:00:32]} 38. exd5 {[%clk 0:02:14]} Qd6 {[%clk 0:00:45]} 39. h4
{[%clk 0:02:06]} b5 {[%clk 0:00:42]} 40. Qb3 {[%clk 0:31:08]} b4 {[%clk 0:30:46]}
41. h5 {[%clk 0:25:52]} gxh5 {[%clk 0:29:19]} 42. Rd4 {[%clk 0:26:08]} Rb8
{[%clk 0:26:20]} 43. Rf4 {[%clk 0:26:08]} Rd8 {[%clk 0:25:54]} 44. Rf5
{[%clk 0:25:28]} Rf8 {[%clk 0:21:41]} 45. Rxh5 {[%clk 0:09:14]} 1/2-1/2